[Event "Frankfurt-chA"]
[Site "Frankfurt"]
[Date "2022.05.30"]
[Round "6"]
[White "Manasek, Martin"]
[Black "Gerhard, Dominik"]
[Result "0-1"]
[WhiteElo "1519"]
[BlackElo "1662"]
[PlyCount "70"]
[EventDate "2022.04.25"]
[EventType "swiss"]
[EventRounds "7"]
[EventCountry "GER"]
[SourceTitle "EXT 2023"]
[Source "ChessBase"]
[SourceDate "2022.10.05"]
[SourceVersion "1"]
[SourceVersionDate "2022.10.05"]
[SourceQuality "1"]

1. d4 d5 2. Nf3 e6 3. c4 c6 4. Nc3 dxc4 5. e4 b5 6. d5 Bb4 7. Be2 Nf6 8. 0-0 Bxc3 9. bxc3 Nxe4 10. Qd4 cxd5 11. Qxg7 Qf6 12. Qxf6 Nxf6 13. Be3 Nc6 14. Nd4 Nxd4 15. Bxd4 Ke7 16. Bc5+ Kd7 17. Bd4 e5 18. Bxe5 Ke6 19. Bd4 Re8 20. Bf3 Bb7 21. Rfe1+ Kf5 22. a4 bxa4 23. Rxe8 Rxe8 24. Bxa7 Bc6 25. h3 Ra8 26. Bd4 Ne4 27. Bd1 Nd2 28. Bc2+ Ke6 29. Re1+ Kd6 30. Bf6 a3 31. Be7+ Kd7 32. Bf5+ Kc7 33. Ra1 a2 34. Bc2 Nb3 35. Bxb3 cxb3 0-1

[Event "Frankfurt-chB"]
[Site "Frankfurt"]
[Date "2019.06.04"]
[Round "6"]
[White "Brendel, Lutz"]
[Black "Manasek, Martin"]
[Result "1-0"]
[WhiteElo "1407"]
[BlackElo "1360"]
[PlyCount "69"]
[EventDate "2019.04.29"]
[EventType "swiss"]
[EventRounds "7"]
[EventCountry "GER"]
[SourceTitle "EXT 2020"]
[Source "ChessBase"]
[SourceDate "2019.10.17"]
[SourceVersion "1"]
[SourceVersionDate "2019.10.17"]
[SourceQuality "1"]

1. g4 d5 2. Bg2 e5 3. c4 dxc4 4. Qa4+ Nc6 5. Bxc6+ bxc6 6. Qxc6+ Bd7 7. Qxc4 Nf6 8. g5 Nh5 9. d3 Be7 10. Nf3 Bd6 11. Nc3 0-0 12. Ne4 Be6 13. Qc3 Rb8 14. a3 Rb3 15. Qc2 Nf4 16. Bxf4 exf4 17. h4 Qb8 18. 0-0-0 Qb6 19. Nfd2 Rxa3 20. Nxd6 Ra1+ 21. Nb1 cxd6 22. Kd2 Qxf2 23. Rc1 Bg4 24. Nc3 Qe3+ 25. Kd1 Rxc1+ 26. Qxc1 Qe5 27. Rf1 f3 28. exf3 Be6 29. f4 Bb3+ 30. Kd2 Qf5 31. Qe1 Rc8 32. Qe4 Qa5 33. Qb7 Be6 34. Re1 Qf5 35. Qxc8+ 1-0

[Event "Frankfurt-chA"]
[Site "Frankfurt"]
[Date "2018.06.18"]
[Round "7"]
[White "Manasek, Martin"]
[Black "Hedrich, Gerd Ernst"]
[Result "0-1"]
[WhiteElo "1457"]
[BlackElo "1284"]
[PlyCount "42"]
[EventDate "2018.04.30"]
[EventType "swiss"]
[EventRounds "7"]
[EventCountry "GER"]
[SourceTitle "EXT 2019"]
[Source "ChessBase"]
[SourceDate "2018.10.10"]
[SourceVersion "1"]
[SourceVersionDate "2018.10.10"]
[SourceQuality "1"]

1. d4 Nf6 2. c4 e6 3. Nf3 d5 4. Nc3 Bb4 5. a3 Bxc3+ 6. bxc3 0-0 7. cxd5 exd5 8. e3 Ne4 9. Qc2 f5 10. c4 c6 11. Be2 Be6 12. 0-0 Nd7 13. a4 Rf6 14. Nd2 Rg6 15. Nf3 Qf6 16. Bb2 h6 17. cxd5 Bxd5 18. Bc4 Nb6 19. Ne5 Rxg2+ 20. Kxg2 Qg5+ 21. Kh1 Nxf2# 0-1

[Event "Frankfurt-chA"]
[Site "Frankfurt"]
[Date "2018.04.30"]
[Round "1"]
[White "Manasek, Martin"]
[Black "Menning, Uwe"]
[Result "0-1"]
[WhiteElo "1457"]
[BlackElo "1810"]
[PlyCount "68"]
[EventDate "2018.04.30"]
[EventType "swiss"]
[EventRounds "7"]
[EventCountry "GER"]
[SourceTitle "EXT 2019"]
[Source "ChessBase"]
[SourceDate "2018.10.10"]
[SourceVersion "1"]
[SourceVersionDate "2018.10.10"]
[SourceQuality "1"]

1. d4 d5 2. c4 e6 3. Nf3 Nf6 4. Nc3 Be7 5. Bg5 c6 6. e3 Nbd7 7. Be2 0-0 8. 0-0 b6 9. Rc1 dxc4 10. Bxc4 b5 11. Bd3 Bb7 12. a3 a6 13. b4 a5 14. Qb3 axb4 15. axb4 Qb6 16. Ne5 Bd6 17. Nxd7 Nxd7 18. Ne4 Bc7 19. Be7 Rfe8 20. Bc5 Qa6 21. Ra1 Qxa1 22. Rxa1 Rxa1+ 23. Bf1 Rea8 24. g3 R8a3 25. Qc2 h6 26. Kg2 R1a2 27. Qc1 f5 28. Nd6 Bxd6 29. Bxd6 Nf6 30. Kh3 Ne4 31. Bf4 g5 32. Bxg5 hxg5 33. g4 Nxf2+ 34. Kg2 Nd3+ 0-1

[Event "Frankfurt-chB"]
[Site "Frankfurt"]
[Date "2017.05.29"]
[Round "6"]
[White "Manasek, Martin"]
[Black "Hartwig, Horst"]
[Result "1-0"]
[WhiteElo "1362"]
[BlackElo "1156"]
[PlyCount "151"]
[EventDate "2017.04.24"]
[EventType "swiss"]
[EventRounds "7"]
[EventCountry "GER"]
[SourceTitle "EXT 2018"]
[Source "ChessBase"]
[SourceDate "2017.10.13"]
[SourceVersion "1"]
[SourceVersionDate "2017.10.13"]
[SourceQuality "1"]

1. d4 d5 2. c4 e6 3. Nc3 Nf6 4. Nf3 Bb4 5. Bg5 Nbd7 6. e3 Be7 7. Be2 Nh5 8. Bxe7 Qxe7 9. 0-0 Nhf6 10. cxd5 exd5 11. Rc1 c6 12. Re1 Ne4 13. Bd3 0-0 14. Qc2 Ndf6 15. h3 b5 16. Nd2 Bf5 17. Ncxe4 dxe4 18. Bf1 Rac8 19. Qc5 Nd5 20. a3 Qg5 21. Kh2 a5 22. Qd6 Rfd8 23. Qg3 Qxg3+ 24. fxg3 a4 25. g4 Bg6 26. Kg1 f5 27. gxf5 Bxf5 28. g4 Bg6 29. Kf2 Rf8+ 30. Kg1 h6 31. Bg2 Rfe8 32. Nf1 Nb6 33. Nd2 Nd7 34. b3 Nb6 35. bxa4 Nxa4 36. Rc2 c5 37. Rec1 c4 38. Nb1 Bf7 39. Nc3 Nxc3 40. Rxc3 Bd5 41. Rb1 Rb8 42. Rc2 Ra8 43. Rxb5 Bc6 44. Rc5 Re6 45. R5xc4 Bd5 46. Rc8+ Rxc8 47. Rxc8+ Kh7 48. Rc3 Rb6 49. Kf2 Rb2+ 50. Kg3 g5 51. Bf1 Rb6 52. a4 Rb3 53. Rxb3 Bxb3 54. a5 Bd5 55. h4 Kg7 56. Bb5 Kf7 57. hxg5 hxg5 58. Kf2 Ke7 59. Ke2 Kd6 60. Kd2 Kc7 61. Kc3 Kd6 62. Kb4 Be6 63. Be2 Kc6 64. Ka4 Bc8 65. Kb4 Be6 66. Bb5+ Kd6 67. Be2 Kc6 68. a6 Kb6 69. a7 Kxa7 70. Kc5 Bf7 71. Kd6 Kb6 72. d5 Bg8 73. Bd1 Bf7 74. Bc2 Bg6 75. Ke6 Kc7 76. Ke7 1-0

[Event "Frankfurt-chB"]
[Site "Frankfurt"]
[Date "2017.05.02"]
[Round "2"]
[White "Manasek, Martin"]
[Black "Wundram, Til"]
[Result "1-0"]
[WhiteElo "1362"]
[BlackElo "917"]
[PlyCount "77"]
[EventDate "2017.04.24"]
[EventType "swiss"]
[EventRounds "7"]
[EventCountry "GER"]
[SourceTitle "EXT 2018"]
[Source "ChessBase"]
[SourceDate "2017.10.13"]
[SourceVersion "1"]
[SourceVersionDate "2017.10.13"]
[SourceQuality "1"]

1. d4 d5 2. c4 e6 3. Nc3 Bb4 4. Nf3 Nf6 5. Bg5 Nbd7 6. e3 h6 7. Bxf6 Nxf6 8. Rc1 c6 9. Bd3 b6 10. cxd5 Nxd5 11. 0-0 b5 12. Nxd5 exd5 13. Rxc6 Bb7 14. Rc1 0-0 15. Bxb5 Qa5 16. a4 a6 17. Be2 Qb6 18. Ne5 Bd6 19. Nd7 Qd8 20. Nxf8 Kxf8 21. Bf3 Qh4 22. g3 Qg5 23. Qe2 a5 24. Qd1 g6 25. h4 Qf6 26. Be2 Qf5 27. Bd3 Qh3 28. Qf3 Kg7 29. Qg2 Qe6 30. Bb5 Rc8 31. Kh2 h5 32. Qh3 f5 33. Qg2 Qe7 34. Rxc8 Bxc8 35. Qxd5 Qxh4+ 36. Kg2 Qf6 37. Rc1 Be6 38. Qxd6 h4 39. Qe5 1-0

[Event "Frankfurt-chB"]
[Site "Frankfurt"]
[Date "2016.06.13"]
[Round "7"]
[White "Manasek, Martin"]
[Black "Brand, Achim"]
[Result "0-1"]
[WhiteElo "1311"]
[BlackElo "1335"]
[PlyCount "90"]
[EventDate "2016.04.25"]
[EventType "swiss"]
[EventRounds "9"]
[EventCountry "GER"]
[SourceTitle "EXT 2018"]
[Source "ChessBase"]
[SourceDate "2017.10.13"]
[SourceVersion "1"]
[SourceVersionDate "2017.10.13"]
[SourceQuality "1"]

1. d4 d5 2. c4 dxc4 3. Nc3 c6 4. e4 b5 5. a3 Nf6 6. Nf3 Bg4 7. Be2 e6 8. 0-0 Be7 9. Bg5 0-0 10. Bxf6 Bxf6 11. e5 Be7 12. h3 Bf5 13. Nh2 Qb6 14. Bf3 Rd8 15. d5 cxd5 16. b3 Nc6 17. bxc4 bxc4 18. Re1 Bc5 19. Rf1 Nxe5 20. Na4 Qd6 21. Nxc5 Nxf3+ 22. Nxf3 Qxc5 23. Ng5 h6 24. Nf3 d4 25. Nh4 Bh7 26. Nf3 e5 27. Nd2 c3 28. Qc2 Qd5 29. Nf3 e4 30. Nh2 Rac8 31. Ng4 h5 32. Nh2 d3 33. Qd1 c2 34. Qd2 Rb8 35. g4 Bg6 36. f4 exf3 37. Nxf3 hxg4 38. hxg4 Re8 39. Rfe1 Qxf3 40. Rxe8+ Rxe8 41. Re1 Qxg4+ 42. Kf1 Qh3+ 43. Kg1 Qg3+ 44. Kf1 Rxe1+ 45. Qxe1 Qxe1+ 0-1

[Event "Frankfurt-chB"]
[Site "Frankfurt"]
[Date "2016.05.09"]
[Round "3"]
[White "Landvoigt, Martin"]
[Black "Manasek, Martin"]
[Result "0-1"]
[WhiteElo "1155"]
[BlackElo "1311"]
[PlyCount "150"]
[EventDate "2016.04.25"]
[EventType "swiss"]
[EventRounds "9"]
[EventCountry "GER"]
[SourceTitle "EXT 2018"]
[Source "ChessBase"]
[SourceDate "2017.10.13"]
[SourceVersion "1"]
[SourceVersionDate "2017.10.13"]
[SourceQuality "1"]

1. d4 d5 2. c4 c6 3. Nc3 Nf6 4. Bf4 g6 5. Nf3 Bg7 6. e3 0-0 7. h3 Qa5 8. Qd2 Ne4 9. Nxe4 Qxd2+ 10. Nexd2 Na6 11. a3 Nb8 12. Bd3 Nd7 13. c5 Re8 14. 0-0 f6 15. Rab1 e5 16. dxe5 fxe5 17. Nxe5 Nxe5 18. Bc2 b6 19. b4 Ba6 20. Rfe1 Nd3 21. Red1 Nxf4 22. exf4 Re2 23. Bb3 Bd3 24. Nf3 Bxb1 25. Rxb1 bxc5 26. Ba4 Rb8 27. Bxc6 cxb4 28. axb4 Rb2 29. Bxd5+ Kh8 30. Ra1 R2xb4 31. Rxa7 Rxf4 32. Ng5 h6 33. Nf7+ Kh7 34. Bf3 Rb1+ 35. Kh2 Ra1 36. Rb7 Rfa4 37. Ne5 Ra7 38. Rxa7 Rxa7 39. Ng4 h5 40. Ne3 Be5+ 41. g3 h4 42. Kg2 hxg3 43. fxg3 Ra2+ 44. Kf1 Bxg3 45. Ng4 Kg7 46. Kg1 g5 47. Kf1 Kg6 48. Be4+ Kh5 49. Nf6+ Kh4 50. Kg1 Kxh3 51. Bf5+ Kh4 52. Ne4 Bf4 53. Kf1 g4 54. Nf2 g3 55. Nh3 Bd6 56. Be6 Rb2 57. Bf5 Bc5 58. Ke1 g2 59. Kd1 g1Q+ 60. Nxg1 Bxg1 61. Kc1 Bd4 62. Be6 Kg3 63. Bf5 Kf2 64. Kd1 Ke3 65. Bg6 Ra2 66. Bf5 Bc3 67. Bg6 Bd2 68. Bf5 Be1 69. Bg6 Bb4 70. Bf5 Ba3 71. Bg6 Rd2+ 72. Ke1 Rd6 73. Bb1 Bb4+ 74. Kf1 Rd1+ 75. Kg2 Rxb1 0-1

[Event "Frankfurt-chA"]
[Site "Frankfurt"]
[Date "2015.06.15"]
[Round "7"]
[White "Manasek, Martin"]
[Black "Witt, Holger"]
[Result "1-0"]
[WhiteElo "1362"]
[BlackElo "1506"]
[PlyCount "125"]
[EventDate "2015.04.27"]
[EventType "swiss"]
[EventRounds "7"]
[EventCountry "GER"]
[SourceTitle "EXT 2016"]
[Source "ChessBase"]
[SourceDate "2015.10.08"]
[SourceVersion "1"]
[SourceVersionDate "2015.10.08"]
[SourceQuality "1"]

1. d4 Nf6 2. c4 e6 3. Nf3 c5 4. e3 b6 5. Be2 Bb7 6. 0-0 Be7 7. Nc3 0-0 8. d5 exd5 9. cxd5 d6 10. e4 Nbd7 11. Re1 a6 12. a4 Re8 13. Bf1 Bf8 14. Bg5 Qc7 15. h3 h6 16. Bxf6 Nxf6 17. Nh2 g6 18. Ng4 Nxg4 19. Qxg4 Bg7 20. h4 Bc8 21. Qg3 Be5 22. f4 Bd4+ 23. Kh1 Kh7 24. Bd3 Rg8 25. e5 Bf5 26. e6 fxe6 27. dxe6 Bxc3 28. bxc3 Qe7 29. Bc4 Rge8 30. Bd5 Rac8 31. Bc4 Ra8 32. Bd5 Rac8 33. Qf2 Qf6 34. c4 Bxe6 35. Bb7 Rb8 36. Bxa6 Bd7 37. Bb5 Re7 38. g3 Rd8 39. Rxe7+ Qxe7 40. Re1 Qf6 41. Bxd7 Rxd7 42. Qe3 Kg7 43. Qb3 Qf7 44. Rd1 Qf5 45. Kh2 Re7 46. Qb2+ Kg8 47. Rxd6 Qg4 48. Qg2 h5 49. Rd2 Kg7 50. Rf2 Re3 51. Qb7+ Kh6 52. Rg2 Rc3 53. Qf7 Ra3 54. Qf8+ Kh7 55. Qe7+ Kh8 56. Qd8+ Kh7 57. Qxb6 Rc3 58. Qc7+ Kh8 59. Qxc5 Kh7 60. a5 Qd1 61. Qe7+ Kh8 62. Qe5+ Kh7 63. Qxc3 1-0

[Event "Frankfurt-chA"]
[Site "Frankfurt"]
[Date "2014.05.12"]
[Round "3"]
[White "Manasek, Martin"]
[Black "Bock, Mario"]
[Result "1-0"]
[WhiteElo "1334"]
[BlackElo "1575"]
[PlyCount "111"]
[EventDate "2014.04.28"]
[EventType "swiss"]
[EventRounds "7"]
[EventCountry "GER"]
[SourceTitle "EXT 2015"]
[Source "ChessBase"]
[SourceDate "2014.11.20"]
[SourceVersion "1"]
[SourceVersionDate "2014.11.20"]
[SourceQuality "1"]

1. d4 Nf6 2. c4 e6 3. Nc3 d5 4. Nf3 Be7 5. e3 Nc6 6. Bd3 0-0 7. 0-0 b6 8. a3 Bb7 9. Qc2 Re8 10. cxd5 exd5 11. b4 Bf8 12. Bb2 a6 13. Rfe1 g6 14. Rac1 Bg7 15. b5 Nb8 16. Ne2 c6 17. bxa6 Nxa6 18. Bxa6 Rxa6 19. Ne5 b5 20. Nd3 Nd7 21. Ng3 Bf8 22. Nc5 Nxc5 23. dxc5 Bg7 24. Bxg7 Kxg7 25. Qb2+ Kg8 26. Ra1 Qe7 27. Qc2 Rea8 28. Qc3 Ra4 29. Rec1 Rc4 30. Qb2 Qxc5 31. Rxc4 Qxc4 32. Qf6 Qc5 33. h4 h5 34. e4 Rxa3 35. Rxa3 Qxa3 36. Kh2 Qc5 37. e5 Qf8 38. e6 fxe6 39. Qxg6+ Qg7 40. Qxe6+ Qf7 41. Qe3 Kh7 42. Qg5 Qg6 43. Qe7+ Qg7 44. Qe2 Qg4 45. Qe7+ Qg7 46. Qe2 d4 47. Qxh5+ Kg8 48. Qe8+ Kh7 49. Nf5 Qc7+ 50. g3 Bc8 51. Qh5+ Kg8 52. Qg5+ Kf8 53. Qh6+ Ke8 54. Qh8+ Kd7 55. Qg7+ Kd8 56. Qf8+ 1-0

[Event "Frankfurt-chB"]
[Site "Frankfurt"]
[Date "2012.06.04"]
[Round "5"]
[White "Wachter, Peter"]
[Black "Manasek, Martin"]
[Result "1/2-1/2"]
[WhiteElo "786"]
[BlackElo "1287"]
[PlyCount "120"]
[EventDate "2012.04.30"]
[EventType "swiss"]
[EventRounds "7"]
[EventCountry "GER"]
[SourceTitle "EXT 2013"]
[Source "ChessBase"]
[SourceDate "2012.11.22"]
[SourceVersion "1"]
[SourceVersionDate "2012.11.22"]
[SourceQuality "1"]

1. d4 d5 2. Nf3 Nf6 3. Bg5 e6 4. e3 Be7 5. Ne5 0-0 6. c4 c5 7. cxd5 Nxd5 8. Bxe7 Qxe7 9. Be2 cxd4 10. Qxd4 Nc6 11. Nxc6 bxc6 12. 0-0 Bb7 13. a3 Rfd8 14. Qg4 Nf6 15. Qh4 Rd5 16. Nc3 Rd7 17. Rad1 Nd5 18. Qxe7 Rxe7 19. Ne4 Rd8 20. Nc5 Rde8 21. Rd2 f5 22. Nd3 e5 23. Nc5 Ba8 24. Bc4 Kh8 25. Rfd1 g6 26. e4 fxe4 27. Nxe4 Kg7 28. g3 h6 29. Rd3 g5 30. Rf3 Rf8 31. Rxf8 Kxf8 32. Rd3 Kg7 33. Nc3 Nxc3 34. Rxc3 Rd7 35. Rd3 Rd4 36. b3 c5 37. Kf1 e4 38. Re3 Kf6 39. Ke2 Ke5 40. f3 Bd5 41. Bxd5 Kxd5 42. fxe4+ Rxe4 43. Kd2 a5 44. Rd3+ Rd4 45. Rxd4+ Kxd4 46. h4 gxh4 47. gxh4 c4 48. b4 axb4 49. axb4 c3+ 50. Kc2 Kc4 51. b5 Kxb5 52. Kxc3 Kc5 53. Kd3 Kd5 54. Ke3 Ke5 55. Kf3 Kf5 56. Kg3 h5 57. Kf3 Ke5 58. Kg3 Ke4 59. Kg2 Kf4 60. Kh3 Kf3 1/2-1/2

[Event "Frankfurt-chB"]
[Site "Frankfurt"]
[Date "2012.05.21"]
[Round "4"]
[White "Manasek, Martin"]
[Black "Scheerer, Michael"]
[Result "0-1"]
[WhiteElo "1287"]
[BlackElo "1421"]
[PlyCount "50"]
[EventDate "2012.04.30"]
[EventType "swiss"]
[EventRounds "7"]
[EventCountry "GER"]
[SourceTitle "EXT 2013"]
[Source "ChessBase"]
[SourceDate "2012.11.22"]
[SourceVersion "1"]
[SourceVersionDate "2012.11.22"]
[SourceQuality "1"]

1. d4 d5 2. Nf3 Nf6 3. Bf4 Bf5 4. e3 e6 5. Be2 Nbd7 6. 0-0 Be7 7. Nc3 c6 8. Nd2 0-0 9. Re1 Rc8 10. Bf3 Re8 11. e4 dxe4 12. Ndxe4 Nxe4 13. Nxe4 Nf6 14. c3 Nxe4 15. Bxe4 Bxe4 16. Rxe4 c5 17. Rc1 Qd5 18. Re2 cxd4 19. Re5 Qxa2 20. cxd4 Bd6 21. Qe1 Bxe5 22. dxe5 Qxb2 23. Rb1 Qc2 24. Rxb7 Rb8 25. Rxb8 Rxb8 0-1

[Event "Frankfurt-chB"]
[Site "Frankfurt"]
[Date "2012.05.07"]
[Round "2"]
[White "Manasek, Martin"]
[Black "Meister, Peter"]
[Result "0-1"]
[WhiteElo "1287"]
[BlackElo "1406"]
[PlyCount "84"]
[EventDate "2012.04.30"]
[EventType "swiss"]
[EventRounds "7"]
[EventCountry "GER"]
[SourceTitle "EXT 2013"]
[Source "ChessBase"]
[SourceDate "2012.11.22"]
[SourceVersion "1"]
[SourceVersionDate "2012.11.22"]
[SourceQuality "1"]

1. d4 Nf6 2. Nf3 g6 3. Bf4 Bg7 4. Nc3 d6 5. e4 Nbd7 6. Bd3 0-0 7. Qd2 Re8 8. Bh6 e5 9. Bxg7 Kxg7 10. 0-0-0 exd4 11. Nxd4 Nc5 12. f3 Nxd3+ 13. Qxd3 Re5 14. Nd5 Nxd5 15. exd5 Rxd5 16. c4 Qg5+ 17. Rd2 Bf5 18. Nxf5+ Rxf5 19. Qd4+ Kg8 20. Qg4 Qxg4 21. fxg4 Rf4 22. b3 Rxg4 23. h3 Re4 24. Rhd1 Kf8 25. c5 dxc5 26. Rd8+ Rxd8 27. Rxd8+ Ke7 28. Rd2 a5 29. Kb2 Ke6 30. a4 c6 31. Rc2 Re5 32. Rf2 b5 33. g4 b4 34. Kc2 Re3 35. h4 Rc3+ 36. Kb2 c4 37. g5 cxb3 38. Rf6+ Ke7 39. Rf2 Rc2+ 40. Rxc2 bxc2 41. Kxc2 Kd6 42. Kb3 Kd5 0-1